| 000 | 02002nam a22003617a 4500 | ||
|---|---|---|---|
| 008 | 130821s1914 sp gr spa | ||
| 040 |
_aCo-BoUCM _bspa |
||
| 041 | 0 | 0 | _aspa |
| 100 |
_aAlvarez Del MANZANO Y ALVAREZ RIVERA, Faustino _9150325 |
||
| 245 | 0 | 0 |
_aCódigo de comercio españoles y extranjeros y leyes modificativas y complementarias de los mismos _bcomentados, concordados y anotados o estudios fundamentales de derecho mercantil universal _cFaustino Alvarez del Manzano y Alvarez Rivera, Faustino, Adolfo Bonilla y San Martín y Emilio Miñana y Villagrasa |
| 260 |
_aMadrid (España) _bLibrería General de Victoriano Suárez _c1914 |
||
| 300 | _a6 volúmenes | ||
| 500 | _aContenido: v.1: De los comerciantes y de los actos de comercio. -- v.2: Del registro mercantil. Apendices. -- v.3: De los libros y de la contabilidad del comercio. Apendice. -- v.4: Nombre comercial. Asociación comercial. -- v.5: Disposiciones generales sobre los contratos de comercio. Apendice de la competencia ilicito. -- v.6: De los lugares y casos de contabilidad mercantil. De los agentes mediadores del comercio y de sus obligaciones respectivas | ||
| 650 | 0 | 4 |
_aCompetencia económica desleal _911260 |
| 650 | 0 | 4 |
_aContratos comerciales _911829 |
| 650 | 0 | 4 |
_aDerecho comercial _912717 |
| 650 | 0 | 4 |
_aDerecho comercial _xFilosofía _912717 |
| 650 | 0 | 4 |
_aDerecho comercial _xHistoria _912717 |
| 650 | 0 | 4 |
_aDerecho comparado _912722 |
| 650 | 0 | 4 |
_aDerecho _xHistoria y crítica _97494 |
| 650 | 0 | 4 |
_aFilosofía _975 |
| 650 | 0 | 4 |
_aHistoria _97695 |
| 650 | 0 | 4 |
_aJurisprudencia comercial _918178 |
| 650 | 0 | 4 |
_aRegulación del comercio exterior _923371 |
| 650 | 0 | 4 |
_aSeguros _98084 |
| 650 | 0 | 4 |
_aSociedades comerciales _924740 |
| 650 | 0 | 4 |
_aTribunales mercantiles _925881 |
| 650 | 0 | 4 |
_aVentas _926141 |
| 700 |
_aBonilla y San Martín, Adolfo _9145977 |
||
| 700 |
_aMiñana y Villagrasa, Emilio _984005 |
||
| 942 |
_cLIBRO _a8 _e1 _mA473C _n0 _2DEWEY _h346.07 |
||
| 999 |
_c87155 _d87155 |
||